Correspondance de Philippe II sur les affaires des Pays Bas (Record no. 49134)

MARC details
000 -LEADER
campo de control de longitud fija 00808nam a2200193 i 4500
001 - NÚMERO DE CONTROL
campo de control 49134
003 - IDENTIFICADOR DE NÚMERO DE CONTROL
campo de control ES-MaACL
005 - FECHA Y HORA DE LA ÚLTIMA TRANSACCIÓN
campo de control 20260519142550.0
007 - CAMPO FIJO DE DESCRIPCIÓN FÍSICA--INFORMACIÓN GENERAL
campo de control de longitud fija t|
008 - DATOS DE LONGITUD FIJA--INFORMACIÓN GENERAL
campo de control de longitud fija 030708m18481879be ||||1| fre d
100 0# - ENTRADA PRINCIPAL--NOMBRE DE PERSONA
Nombre de persona Felipe
Numeración II,
Títulos y otros términos asociados al nombre Rey de España
9 (RLIN) 49175
245 10 - MENCIÓN DEL TÍTULO
Título Correspondance de Philippe II sur les affaires des Pays Bas
Resto del título : publiée d'après les originaux conservés dans les archives.. de Simancas, prededée d'une notice... de ce célèbre dépot /
Mención de responsabilidad, etc. par M. Gachard.
260 ## - PUBLICACIÓN, DISTRIBUCIÓN, ETC.
Lugar de publicación, distribución, etc. Bruxelles :
Nombre del editor, distribuidor, etc. [s.n.],
Fecha de publicación, distribución, etc. 1848-1879 (
Fabricante Imp. de la Société typr. belge Ad. Wahlen et Compagnie)
300 ## - DESCRIPCIÓN FÍSICA
Extensión 5 v. ;
Dimensiones 29 cm.
600 04 - PUNTO DE ACCESO ADICIONAL DE MATERIA--NOMBRE DE PERSONA
Nombre de persona Felipe
Numeración II,
Títulos y otros términos asociados al nombre Rey de España-
Subdivisión de forma Correspondencia
9 (RLIN) 49177
700 1# - ENTRADA AGREGADA--NOMBRE PERSONAL
Nombre de persona Gachard, Louis Prosper,
Fechas asociadas al nombre 1800-1885
9 (RLIN) 53175
852 ## - LOCALIZACIÓN
Ubicación ES-MaACL
Número de control de estantería G-7501-5
Holdings
Estatus retirado Estado de pérdida Estado de daño No para préstamo Colección Biblioteca de origen Biblioteca actual Ubicación en estantería Fecha de adquisición Fuente de adquisición Total de préstamos Signatura topográfica completa Código de barras Visto por última vez Precio de reemplazo Tipo de ítem Koha
        Libros del s. XIX Biblioteca del Ateneo de Madrid Biblioteca del Ateneo de Madrid Sala Pecera Planta 3 17/01/2008     G-7501-5 1051707 23/02/2023 23/02/2023 Libro impreso antiguo